Math Questions 101 Quiz Stats

 Plays Quiz not verified by Sporcle

Score 0/9 Timer 10:00
0 Plays Today
% Correct
2
100%
9
98.2%
31
97.2%
30
95.4%
0
94.5%
3.14
91.7%
96.05
76.1%
11
74.3%
5
67%

You're not logged in!

Compare scores with friends on all Sporcle quizzes.
OR
Log In

Show Comments

Extras

Created Feb 22, 2012ReportNominate
Tags:Math Quiz, 101

Top Quizzes Today


Score Distribution

Your Account Isn't Verified!

In order to create a playlist on Sporcle, you need to verify the email address you used during registration. Go to your Sporcle Settings to finish the process.

Report this User

Report this user for behavior that violates our Community Guidelines.

Details: